000 00468nam a2200181Ia 4500
003 LDD
008 190117s9999 xx 000 0 und d
020 _c₹25
040 _cLDD
041 _ahi
082 _a8H3. 6 प्रे 5922 गो
100 _aप्रेमचंद
245 0 _aगोदान
_cप्रेमचंद
246 _agooban
260 _aदिल्ली
_bसरस्वती
300 _a300प्र.
942 _2ddc
_cH
999 _c164142
_d164142